An introduction to general, organic, and biological chemistry / (Record no. 8699)
[ view plain ]
| 000 -LEADER | |
|---|---|
| fixed length control field | 00958nam a2200289 i 4500 |
| 001 - CONTROL NUMBER | |
| JCCL Control Number | 8699 |
| 003 - CONTROL NUMBER IDENTIFIER | |
| JCCL marc code | BD-JhCC |
| 005 - DATE AND TIME OF LATEST TRANSACTION | |
| control field | 20180301123535.0 |
| 008 - FIXED-LENGTH DATA ELEMENTS--GENERAL INFORMATION | |
| fixed length control field | 760504s1976 caua 001 0 eng |
| 020 ## - INTERNATIONAL STANDARD BOOK NUMBER | |
| International Standard Book Number | 0534003753 |
| 035 ## - SYSTEM CONTROL NUMBER | |
| system control number | (BD-JhCC)8699 |
| 040 ## - CATALOGING SOURCE | |
| Original cataloging agency | DLC |
| Transcribing agency | DLC |
| Modifying agency | DLC |
| -- | BD-JhCC |
| 041 ## - LANGUAGE CODE | |
| Language code of Book | eng |
| 050 00 - LIBRARY OF CONGRESS CALL NUMBER | |
| Classification number | QD31.2 |
| Item number | .A45 |
| 082 00 - DEWEY DECIMAL CLASSIFICATION NUMBER | |
| Classification number | 540 |
| Author mark and Year | ALLI 1976 |
| 100 1# - MAIN ENTRY--PERSONAL NAME | |
| Personal name | Allinger, Norman L. |
| 245 13 - TITLE STATEMENT | |
| Title | An introduction to general, organic, and biological chemistry / |
| Statement of responsibility, etc | Norman L. Allinger, M. Jerome Bigelow, Harmon C. McAllister ; [technical illustrators, Darwen Hennings ... et al.]. |
| 260 ## - PUBLICATION, DISTRIBUTION, ETC. (IMPRINT) | |
| Place of publication, distribution, etc | Belmont, Calif. : |
| Name of publisher, distributor, etc | Wadsworth Pub. Co., |
| Date of publication, distribution, etc | c1976. |
| 300 ## - PHYSICAL DESCRIPTION | |
| Pagination | xxii, 582 p. : |
| Other physical details | ill. ; |
| Dimensions | 25 cm. |
| 490 0# - SERIES STATEMENT | |
| Series statement | Wadsworth series in chemistry |
| 500 ## - GENERAL NOTE | |
| General note | Includes index. |
| 650 #0 - SUBJECT ADDED ENTRY--TOPICAL TERM | |
| Topical term or geographic name as entry element | Chemistry. |
| 700 1# - ADDED ENTRY--PERSONAL NAME | |
| Personal name | Bigelow, Melvin Jerome, |
| Dates associated with a name | 1926- |
| 700 1# - ADDED ENTRY--PERSONAL NAME | |
| Personal name | McAllister, Harmon C., |
| 942 ## - ADDED ENTRY ELEMENTS (KOHA) | |
| Source of classification or shelving scheme | Dewey Decimal Classification |
| Koha item type | Books |
| Source of classification or shelving scheme | Damaged status | Not for loan | Home library | Current library | Shelving location | Total Checkouts | Full call number | Barcode | Date last seen | Copy number | Koha item type |
|---|---|---|---|---|---|---|---|---|---|---|---|
| Dewey Decimal Classification | JCC Rouf Library | JCC Rouf Library | General Stacks | 540 ALLI 1976 | 11529 | 03/01/2018 | C - 1 | Books |